000 02749cam a22003974a 4500
001 16422356
005 20170105102914.0
008 100818s2011 nyu b 001 0 eng
010 _a 2010035423
020 _a9780230614826 (hardback)
020 _a0230614825 (hardback)
035 _a(OCoLC)ocn369141287
040 _aDLC
_cDLC
_dYDX
_dBTCTA
_dYDXCP
_dCDX
_dDLC
042 _apcc
043 _ae------
_an-us---
050 0 0 _aUA646.3
_b.D35 2011
082 0 0 _a355/.0310973094
_222
100 1 _aDavidson, Jason.
245 1 0 _aAmerica's allies and war :
_bKosovo, Afghanistan, and Iraq /
_cJason W. Davidson.
250 _a1st ed.
260 _aNew York :
_bPalgrave Macmillan,
_c2011.
300 _ax, 250 p. ;
_c22 cm.
500 _aMachine generated contents note: Transatlantic Alliance Burden-sharing: Defining and Justifying the Question * A Neoclassical Realist Explanation of Transatlantic Alliance Burden-sharing * Vietnam, Lebanon, Persian Gulf, and Somalia * Kosovo * Afghanistan * Iraq * Improving Transatlantic Alliance Burden-sharing.
504 _aIncludes bibliographical references and index.
505 8 _aMachine generated contents note: Transatlantic Alliance Burden-sharing: Defining and Justifying the Question * A Neoclassical Realist Explanation of Transatlantic Alliance Burden-sharing * Vietnam, Lebanon, Persian Gulf, and Somalia * Kosovo * Afghanistan * Iraq * Improving Transatlantic Alliance Burden-sharing.
520 _a"Why do Britain, France, and Italy provide or refuse military support for U.S.-led uses of force? This book provides a unique, multiple-case study analysis of transatlantic burden-sharing. Sixty original interviews with top policymakers and analysts provide insight into allies' decisions regarding the Kosovo War (1999), Afghanistan (2001), and the Iraq War (2003). The cases show that neoclassical realist factors--alliance value, threat, prestige, and electoral politics--explain allies' decisions better than constructivist factors--identity and norms. The book briefly covers additional cases (Vietnam, Lebanon, the Persian Gulf War, Somalia) and concludes with recommendations for increasing future allied military support"--Provided by publisher.
650 0 _aAlliances
_vCase studies.
650 0 _aWorld politics
_y1989-
651 0 _aUnited States
_xMilitary relations
_zEurope.
651 0 _aEurope
_xMilitary relations
_zUnited States.
651 0 _aUnited States
_xMilitary relations
_zEurope
_vCase studies.
651 0 _aEurope
_xMilitary relations
_zUnited States
_vCase studies.
906 _a7
_bcbc
_corignew
_d1
_eecip
_f20
_gy-gencatlg
942 _2ddc
_cBK
999 _c15289
_d15289